• 首页
  • 本馆介绍
  • 公告通知
  • 最新文献
  • 馆藏检索
  • 电子资源
  • 读者导购
  • 参考咨询
  • 我的图书馆
  • 登录
  • 详细信息显示
  • 放入我的书架
  • 预约/预借图书
  • 作者相关作品
  • 分类相关作品
  • 丛书相关作品
  • 出版社相关作品

书目信息

  • 表格格式
  • 工作单格式
  • 卡片格式
题名:
美国政治制度
    
 
作者: 沈宗灵 著
分册:  
出版信息: 北京   商务印书馆  1980
页数: 180页
开本: 19cm
丛书名:
单 册:
中图分类: D771.22
科图分类:
主题词: 政治制度--美国
电子资源:
ISBN:
000 00607nam0 2200229 45
001 0180007988
005 20051209083433.68
010    @dCNY0.56
091    @a3017.271
100    @a19950630d1980 em y0chiy0121 ea
101 0  @achi
102    @aCN@b110000
105    @ay z 000yy
200 10 @a美国政治制度@Amei guo zheng zhi zhi du@f沈宗灵著@FShen Zong Ling Zhu
210    @a北京@c商务印书馆@d1980
215    @a180页@d19cm
606    @a政治制度@y美国
690    @aD771.22@v3
701  0 @a沈宗灵@4著
801  2 @aCN@bNLC@c20051209
801  0 @aCN@b上海图书馆@c20040425
905    @dD771.22@e8@f1@b34007
    
    美国政治制度/沈宗灵著.-北京:商务印书馆,1980
    180页;19cm
    
    
    ISBN :CNY0.56
    
●
相关链接 在E读中查询图书 在五车中查询图书 在当当中查询图书 在豆瓣中查询图书


正题名:美国政治制度     索取号:D771.22/8         预约/预借

序号 登录号 条形码 馆藏地/架位号 状态 备注
1 0034005   202166896   密集书库/ [索取号:D771.22/8] 在馆    
2 0034006   000364821   第一借阅区/ [索取号:D771.22/8] 在馆    
3 0034007   000364812   第一样本阅览室/ [索取号:D771.22/8] 在馆    
唐山师范学院图书馆 欢迎您!
大连网信软件有限公司© 版权所有